| 000 | 01456nam a22002297a 4500 | ||
|---|---|---|---|
| 005 | 20260116124912.0 | ||
| 010 | _aB-777868 | ||
| 020 |
_c400.00 _a9789395123242 |
||
| 035 | _aB-777868 | ||
| 037 | _bउपहार | ||
| 082 | _a822 | ||
| 100 |
_aरमाशंकर _986506 |
||
| 245 |
_a(9) हास्य बाल नाटक / _cरमाशंकर |
||
| 260 |
_bस्काई बुक्स इंटरनेशनल _c2024 _aनई दिल्ली |
||
| 270 |
_aबी-24,छतरपुर एन्कलेव,फेस-2 _bनई दिल्ली _e110074 |
||
| 300 | 1 |
_a128पृ. _c22सेमी (सजिल्द) _bसचित्र |
|
| 500 | _aमनोरंजन से भरपूर शिक्षाप्रद बाल नाटक संग्रह | ||
| 942 |
_adpl _cCH _2ddc _h822 _mरमाशं |
||
| 999 |
_c214224 _d214224 |
||